00299nam a2200133Ia 4500003000400000005001700004008004100021020001900062040002700081100001900108245002100127260000800148260000900156OSt20240221145044.0170524s9999 xx 000 0 und d a978-0070841628 cIIMT UNIVERSITY MEERUT aLander Cyril W 0aPower Electronic bMGH c1993